000 00641nam a2200217Ia 4500
005 20260429112144.0
008 260429s9999||||xx |||||||||||||| ||und||
020 _a9781032185576
041 _aEnglish
082 _a658.155
_bSTA
100 _aStaaf, Denice Viktoria
245 0 _aOrganizational sustainability and risk management :
_ba practical step-by-step guide /
_cDenice Viktoria Staaf
250 _a2nd ed.
260 _aBoca Raton :
_bCRC Press,
_c2024.
300 _axviii, 204 p.; pbk
650 _a Management
650 _a Sustainability
650 _aRisk management
700 _a Pojasek, Robert B.
942 _cTB
999 _c52631
_d52631